Taywood sails into top flight (Record no. 73835)

MARC details
000 -LEADER
fixed length control field 01005cam a2200217 4500
001 - CONTROL NUMBER
control field ABS67257
008 - FIXED-LENGTH DATA ELEMENTS--GENERAL INFORMATION
fixed length control field 031124n2003 000 0 eng u
035 ## - SYSTEM CONTROL NUMBER
System control number (Sirsi) u124438
100 ## - MAIN ENTRY--PERSONAL NAME
Personal name Menary, S.
245 ## - TITLE STATEMENT
Title Taywood sails into top flight
260 ## - PUBLICATION, DISTRIBUTION, ETC.
Date of publication, distribution, etc. 2003
490 ## - SERIES STATEMENT
Series statement House Builder
Volume/sequential designation 62(10) November 2003, 27-28(2)
520 ## - SUMMARY, ETC.
Summary, etc. Reports the findings from the latest,third quarter 2003, house builder activity survey. Provides top 10 ranking tables across 11 regions of who is planning to build where. Reveals that Taylor Woodrow has soared into the top 10 in five more regions following its acquisition of Wilson Connolly. Persimmon is the UK's busiest house builder on the planning front, being top in five out of the 11 regions, but has been surprisingly inactive in London over the past year.
590 ## - LOCAL NOTE (RLIN)
Local note ABS
650 ## - SUBJECT ADDED ENTRY--TOPICAL TERM
Topical term or geographic name entry element RANKINGS
650 ## - SUBJECT ADDED ENTRY--TOPICAL TERM
Topical term or geographic name entry element HOUSE BUILDERS
650 ## - SUBJECT ADDED ENTRY--TOPICAL TERM
Topical term or geographic name entry element PLANNING APPLICATIONS
650 ## - SUBJECT ADDED ENTRY--TOPICAL TERM
Topical term or geographic name entry element HOUSING DEVELOPMENTS
690 ## - LOCAL SUBJECT ADDED ENTRY--TOPICAL TERM (OCLC, RLIN)
Topical term or geographic name as entry element HOUSING-DEVELOPMENT
942 ## - ADDED ENTRY ELEMENTS (KOHA)
Suppress in OPAC 0
Holdings
Withdrawn status Lost status Source of classification or shelving scheme Damaged status Not for loan Home library Current library Shelving location Date acquired Total Checkouts Full call number Barcode Date last seen Copy number Price effective from Koha item type
    Dewey Decimal Classification     London London Journal article 24/11/2003   ABS67257 124438-1001 06/08/2019 1 06/08/2019 Journal article